Jonny Quest Episodes - Statistics

General Stats
  • This quiz has been taken 7 times
  • The average score is 7 of 26
Answer Stats
Hint Answer % Correct
Polar Soviets Arctic Splashdown
100%
Sargasso Sea shenanigans The Mystery of the Lizard Men
100%
Gorilla-like apes help the boys against some Aussies Attack of the Tree People
50%
Divers invade the Quest's home for a new sub Pirates from Below
50%
Nazi war criminal enslaves secret cavemen in Africa (Yeah.) The Devil's Tower
50%
Energy monster terroizes island (scariest episode in the OS) The Invisible Monster
50%
Sea monster hunts the Quests on an abandoned Java Sea freighter The Sea Haunt
50%
Wheelchair-bound man uses Pteranodon to scare slaves Turu the Terrible
50%
A rather furry French-Canadian Werewolf of the Timberland
50%
Uncharted jungles and angry pygmies A Small Matter of Pygmies
25%
Flashback, Gas Factory Calcutta Adventure
25%
Fiesty Amazon natives Pursuit of the Po-Ho
25%
Fake gold and faker politicians Riddle of the Gold
25%
There's an imposter among us Double Danger
0%
'Most Dangerous Game' but with monstrous lizards Dragons of Ashida
0%
Terrorists dress as yetis to overthrow local Nepali government Monster in the Monastery
0%
WW1 German soldier can't let go of the past Shadow of the Condor
0%
Mexican pirates with painfully stereotypical accents Skull and Double Crossbones
0%
Hong Kong scientist kidnaps Benton so he can make monsters Terror Island
0%
Egyptian politics and a mummy The Curse of Anubis
0%
Fake witch doctor and evil contractor The Dreadful Doll
0%
Hovering goons guarding a peculiar volcano The Fraudulent Volcano
0%
Burglar dresses as gargoyle to infiltrate castle and steal tech The House of Seven Gargoyles
0%
Rogue Chinese general hides missiles in a swamp The Quetong Missile Mystery
0%
Robotic infiltrator wants a laser The Robot Spy
0%
Yellow-shirted British twat Treasure of the Temple
0%
No matching quizzes found
Score Distribution
Percent of People with Each Score
Percentile by Number Answered
Your Score History
You have not taken this quiz